| 000 | 004410000a22001570004500 | ||
|---|---|---|---|
| 020 | _a84-7057-364-0 | ||
| 041 | 0 | _aSPA | |
| 082 | 0 | 4 | _aG 224.06 S567t |
| 100 | 1 | _aSicre Díaz, José Luis (1940-) | |
| 245 | 1 | 0 | _a"Con los pobres de la tierra" La justicia social en los profetas de Israel : José L. Sicre |
| 260 | _aMadrid, España : Cristiandad | ||
| 300 | _a506 Pag | ||
| 650 | 1 | 4 | _aPROFETAS - JUSTICIA SOCIAL |
| 001 | 4509 | ||
| 942 | _cBK | ||
| 999 |
_c35099 _d35099 |
||